| 000 | 00642nam a2200217 a 4500 | ||
|---|---|---|---|
| 001 | BRL_352 | ||
| 005 | 20190320210711.0 | ||
| 008 | 310713s1943----mx-a######---#000-0#spa-# | ||
| 041 | _aspa | ||
| 044 | _amx | ||
| 050 | 4 |
_aNE546.P6 _bJ67 1943 |
|
| 100 | 1 |
_aVanegas Arroyo, Arsacio _923630 |
|
| 245 | 1 | 0 |
_aJosé Guadalupe Posada _b36 grabados. |
| 260 |
_aMéxico _bArsacio Vanegas Arroyo _c1943 |
||
| 300 |
_a30 p. _bil. _c36 cm. |
||
| 500 | _aEstado físico: desprendimiento en las hojas, hojas acidificadas y hojas maltratadas | ||
| 500 | _aAu2376 | ||
| 600 | 1 | 4 |
_aPosada, José Guadalupe _d1852-1913 _94998 |
| 902 | _aGRL | ||
| 942 |
_2lcc _cB |
||
| 999 |
_c9165 _d9165 |
||